| 000 | 00492cam a2200157 4500 | ||
|---|---|---|---|
| 001 | D10884 | ||
| 008 | 090401t xxu||||| |||| 00| 0 eng d | ||
| 035 | _a(Sirsi) u96925 | ||
| 041 | _aeng | ||
| 100 | _aJackson, P. | ||
| 245 | _aWild instruments for optical tooling and precise measurements in industry and laboratories | ||
| 350 | _a0 | ||
| 520 | _aIn RICS Land surveyors information package 2: industrial and engineering measurements (optical tooling) | ||
| 942 | _n0 | ||
| 948 | _c04/03/1997 | ||
| 999 |
_c98725 _d98725 |
||